<?xml version="1.0" encoding="UTF-8"?>
<record
    xmlns:xsi="http://www.w3.org/2001/XMLSchema-instance"
    xsi:schemaLocation="http://www.loc.gov/MARC21/slim http://www.loc.gov/standards/marcxml/schema/MARC21slim.xsd"
    xmlns="http://www.loc.gov/MARC21/slim">

  <leader>01125nam0a22003011  4500</leader>
  <controlfield tag="001">v19\rc\1697642</controlfield>
  <controlfield tag="005">20250619025719.0</controlfield>
  <datafield tag="035" ind1=" " ind2=" ">
    <subfield code="a">(NLR Aleph) 004800205</subfield>
  </datafield>
  <datafield tag="090" ind1=" " ind2=" ">
    <subfield code="a">4821015</subfield>
    <subfield code="c">4821015</subfield>
  </datafield>
  <datafield tag="100" ind1=" " ind2=" ">
    <subfield code="a">20061002e18981898|||y0rusy50      ca</subfield>
  </datafield>
  <datafield tag="101" ind1="0" ind2=" ">
    <subfield code="a">rus</subfield>
  </datafield>
  <datafield tag="102" ind1=" " ind2=" ">
    <subfield code="a">RU</subfield>
  </datafield>
  <datafield tag="105" ind1=" " ind2=" ">
    <subfield code="a">y   z   |||||</subfield>
  </datafield>
  <datafield tag="200" ind1="1" ind2=" ">
    <subfield code="a">&#x41A; &#x444;&#x438;&#x437;&#x438;&#x43E;&#x43B;&#x43E;&#x433;&#x438;&#x438;, &#x434;&#x438;&#x44D;&#x442;&#x435;&#x442;&#x438;&#x43A;&#x435; &#x438; &#x43F;&#x430;&#x442;&#x43E;&#x43B;&#x43E;&#x433;&#x438;&#x438; &#x436;&#x435;&#x43B;&#x443;&#x434;&#x43E;&#x447;&#x43D;&#x44B;&#x445; &#x436;&#x435;&#x43B;&#x435;&#x437;</subfield>
    <subfield code="f">[&#x421;&#x43E;&#x447;.] &#x410;.&#x41D;. &#x412;&#x43E;&#x43B;&#x43A;&#x43E;&#x432;&#x438;&#x447;&#x430;</subfield>
  </datafield>
  <datafield tag="210" ind1=" " ind2=" ">
    <subfield code="a">&#x421;&#x430;&#x43D;&#x43A;&#x442;-&#x41F;&#x435;&#x442;&#x435;&#x440;&#x431;&#x443;&#x440;&#x433;</subfield>
    <subfield code="c">&#x442;&#x438;&#x43F;. &#x41C;. &#x421;&#x442;&#x430;&#x441;&#x44E;&#x43B;&#x435;&#x432;&#x438;&#x447;&#x430;</subfield>
    <subfield code="d">&#x446;&#x435;&#x43D;&#x437;. 1898</subfield>
  </datafield>
  <datafield tag="215" ind1=" " ind2=" ">
    <subfield code="a">34 &#x441;.</subfield>
    <subfield code="d">22</subfield>
  </datafield>
  <datafield tag="309" ind1=" " ind2=" ">
    <subfield code="a">&#x411;&#x435;&#x437; &#x442;&#x438;&#x442;. &#x43B;. &#x438; &#x43E;&#x431;&#x43B;.</subfield>
  </datafield>
  <datafield tag="311" ind1=" " ind2=" ">
    <subfield code="a">&#x41E;&#x442;&#x442;. &#x438;&#x437; "&#x411;&#x43E;&#x43B;&#x44C;&#x43D;. &#x433;&#x430;&#x437;. &#x411;&#x43E;&#x442;&#x43A;&#x438;&#x43D;&#x430;" &#x437;&#x430; 1898 &#x433;.</subfield>
  </datafield>
  <datafield tag="488" ind1=" " ind2="0">
    <subfield code="1">2001#$a&#x411;&#x43E;&#x43B;&#x44C;&#x43D;&#x438;&#x447;&#x43D;&#x430;&#x44F; &#x433;&#x430;&#x437;&#x435;&#x442;&#x430; &#x411;&#x43E;&#x442;&#x43A;&#x438;&#x43D;&#x430;$v1898</subfield>
    <subfield code="t">&#x411;&#x43E;&#x43B;&#x44C;&#x43D;&#x438;&#x447;&#x43D;&#x430;&#x44F; &#x433;&#x430;&#x437;&#x435;&#x442;&#x430; &#x411;&#x43E;&#x442;&#x43A;&#x438;&#x43D;&#x430;</subfield>
  </datafield>
  <datafield tag="700" ind1=" " ind2="1">
    <subfield code="a">&#x412;&#x43E;&#x43B;&#x43A;&#x43E;&#x432;&#x438;&#x447;</subfield>
    <subfield code="b">&#x410;.&#x41D;.</subfield>
    <subfield code="f">1870-</subfield>
    <subfield code="g">&#x410;&#x43D;&#x434;&#x440;&#x435;&#x439; &#x41D;&#x438;&#x43A;&#x43E;&#x43B;&#x430;&#x435;&#x432;&#x438;&#x447;</subfield>
  </datafield>
  <datafield tag="801" ind1=" " ind2="0">
    <subfield code="a">RU</subfield>
    <subfield code="b">NLR</subfield>
    <subfield code="g">psbo</subfield>
  </datafield>
  <datafield tag="801" ind1=" " ind2="0">
    <subfield code="a">RU</subfield>
    <subfield code="b">RuMoRGB</subfield>
    <subfield code="2">psbo</subfield>
  </datafield>
  <datafield tag="801" ind1=" " ind2="1">
    <subfield code="a">RU</subfield>
    <subfield code="b">ProSoft-M</subfield>
    <subfield code="2">rusmarc</subfield>
  </datafield>
  <datafield tag="852" ind1=" " ind2=" ">
    <subfield code="a">NLR</subfield>
    <subfield code="j">18.166.3.537</subfield>
  </datafield>
  <datafield tag="899" ind1=" " ind2=" ">
    <subfield code="a">RuMoRGB</subfield>
    <subfield code="j">S 76/576</subfield>
  </datafield>
  <datafield tag="899" ind1=" " ind2=" ">
    <subfield code="a">&#x411;&#x410;&#x41D;</subfield>
  </datafield>
  <datafield tag="942" ind1=" " ind2=" ">
    <subfield code="c">BOOK</subfield>
  </datafield>
  <datafield tag="980" ind1=" " ind2=" ">
    <subfield code="a">NB</subfield>
  </datafield>
  <datafield tag="995" ind1=" " ind2=" ">
    <subfield code="5">2013-10-26</subfield>
    <subfield code="b">NLR02</subfield>
    <subfield code="c">NLR02</subfield>
    <subfield code="e">RFS</subfield>
    <subfield code="f">4800205-10</subfield>
    <subfield code="k">18.166.3.537</subfield>
    <subfield code="o">0</subfield>
    <subfield code="r">BOOK</subfield>
    <subfield code="s">181663537_</subfield>
  </datafield>
  <datafield tag="995" ind1=" " ind2=" ">
    <subfield code="5">2013-10-26</subfield>
    <subfield code="b">NLR01</subfield>
    <subfield code="c">NLR01</subfield>
    <subfield code="e">TEMP</subfield>
    <subfield code="f">4800205-30</subfield>
    <subfield code="o">0</subfield>
    <subfield code="r">BOOK</subfield>
  </datafield>
</record>
